000 00915nam a2200241Ia 4500
999 _c40483
_d40483
001 7094
003 GE_BSU
005 20231106164302.0
008 181216s2008||||ge |||||||||||||| ||geo||
020 _a9789941009969 (ტ.2)
040 _cGE_BSU
041 _ageo
080 _a821.111(493)-2 მ-59
100 _aმეტერლინკ, მორის
_920290
245 _aპიესები :
_bსრული კრებული წ. 2 /
_cმორი მეტერლინკ ; ფრანგ. თარგმნა დათო აკრიანმა.
264 _aთბილისი :
_b[?],
_c2008.
300 _a497გვ. ;
_c20 სმ.
541 _h18ლ.
653 _aპიესები
653 _aმხატვრული ლიტერატურა
700 _aაკრიანი, დათო
_eმთარგმნელი
_919781
942 _cBK
_2udc